Clash royale epic cards - Statistics

General Stats
  • This quiz has been taken 8 times
  • The average score is 26 of 45
Answer Stats
Hint Answer % Correct
Troop Witch
100%
Troop Baby dragon
83%
Troop Skeleton army
83%
Troop Balloon
67%
Tower troop Cannoneer
67%
Troop Electro dragon
67%
Evo Evo baby dragon
67%
Evo Evo electro dragon
67%
Evo Evo goblin giant
67%
Evo Evo hunter
67%
Evo Evo PEKKA
67%
Evo Evo skeleton army
67%
Evo Evo witch
67%
Spell Freeze
67%
Troop Giant skeleton
67%
Spell Goblin curse
67%
Troop Goblin giant
67%
Troop Hunter
67%
Spell Lightning
67%
Troop PEKKA
67%
Spell Poison
67%
Spell Rage
67%
Spell Tornado
67%
Spell Vines
67%
Building X-bow
67%
Spell Clone
50%
Troop Dark prince
50%
Troop Electro giant
50%
Evo Evo executioner
50%
Evo Evo goblin barrel
50%
Evo Evo goblin drill
50%
Evo Evo wall breakers
50%
Troop Executioner
50%
Spell Goblin barrel
50%
Building Goblin drill
50%
Troop Golem
50%
Spell Mirror
50%
Troop Prince
50%
Spell Void
50%
Troop Wall breakers
50%
Troop Barbarian barrel
33%
Troop Bowler
33%
Troop Cannon cart
33%
Troop Guards
17%
Troop Rune giant
17%
No matching quizzes found
Score Distribution
Percent of People with Each Score
Percentile by Number Answered
Your Score History
You have not taken this quiz